000 00998nam a2200229Ia 4500
001 5116
005 20260408151248.0
008 260306t2011||||xx |||||||||||||| ||spa||
041 _aESP
082 _a333.7
_bD69
100 _aDìaz Coutiño, Reynol
_eAUT
245 0 _aDesarrollo sustentable
260 _c2011
300 _a315 páginas :
_c27 cm.
650 _aGEN
654 _aCAN
856 _uhttps://itmsp.museknowledge.com/UCSP?url=https://www.ebooks7-24.com:443/?il=1454&pg=1
_zVersión digital (2015)
856 _uhttps://0u213vnaf-y-https-ebooks7--24-com.itmsp.museknowledge.com/biblioteca.aspx
_zVéase además: Base de datos Ebook7-24
856 _uhttps://0u20fvnar-y-https-research-ebsco-com.itmsp.museknowledge.com/c/qxo6us/search
_zVéase además: Base de datos EBSCOhost
856 _uhttps://0u20vvn1b-y-https-ebookcentral-proquest-com.itmsp.museknowledge.com/lib/catolicasp/home.action
_zVéase además: Base de datos ProQuest Ebook Central
942 _cLIB
_dJUS
_fJUS
_2ddc
999 _c5116
_d5116